On meaning : (Record no. 221777)
[ view plain ]
| 000 -LEADER | |
|---|---|
| fixed length control field | 00989nam a2200289 a 4500 |
| 001 - CONTROL NUMBER | |
| control field | 000633540 |
| 003 - CONTROL NUMBER IDENTIFIER | |
| control field | AM-YeHGA |
| 005 - DATE AND TIME OF LATEST TRANSACTION | |
| control field | 20250617140532.0 |
| 008 - FIXED-LENGTH DATA ELEMENTS--GENERAL INFORMATION | |
| fixed length control field | 890310s1987 enka b 001 0 eng c |
| 020 ## - INTERNATIONAL STANDARD BOOK NUMBER | |
| International Standard Book Number | 0861879201 |
| 040 ## - CATALOGING SOURCE | |
| Original cataloging agency | AM-YeHGA |
| 041 1# - LANGUAGE CODE | |
| Language code of text/sound track or separate title | eng |
| -- | fre |
| 090 ## - LOCALLY ASSIGNED LC-TYPE CALL NUMBER (OCLC); LOCAL CALL NUMBER (RLIN) | |
| -- | 223311 |
| 100 1# - MAIN ENTRY--PERSONAL NAME | |
| Personal name | Greimas, Algirdas Julien. |
| 240 10 - UNIFORM TITLE | |
| Uniform title | Essays. |
| Language of a work | English. |
| Form subheading | Selections |
| 245 10 - TITLE STATEMENT | |
| Title | On meaning : |
| Remainder of title | Selected writings in semiotic theory / |
| Statement of responsibility, etc. | Algirdas Julien Greimas ; Transl. by Paul J. Perron and Frank H. Collins ; Foreword by Frederic Jameson ; Introd. by Paul J. Perron. |
| 260 ## - PUBLICATION, DISTRIBUTION, ETC. | |
| Place of publication, distribution, etc. | London : |
| Name of publisher, distributor, etc. | F. Pinter, |
| Date of publication, distribution, etc. | 1987. |
| 300 ## - PHYSICAL DESCRIPTION | |
| Extent | xlv, 237 p. : |
| Other physical details | ill. ; |
| Dimensions | 24 cm. |
| 440 #0 - SERIES STATEMENT/ADDED ENTRY--TITLE | |
| Title | Open linguistics series |
| 500 ## - GENERAL NOTE | |
| General note | Translated from French. |
| 504 ## - BIBLIOGRAPHY, ETC. NOTE | |
| Bibliography, etc. note | Includes bibliogr. references and index. |
| 650 #0 - SUBJECT ADDED ENTRY--TOPICAL TERM | |
| Topical term or geographic name entry element | Semiotics. |
| 650 #0 - SUBJECT ADDED ENTRY--TOPICAL TERM | |
| Topical term or geographic name entry element | Discourse analysis, Narrative. |
| 700 1# - ADDED ENTRY--PERSONAL NAME | |
| Personal name | Perron, Paul J. |
| Relationship | trl |
| 700 1# - ADDED ENTRY--PERSONAL NAME | |
| Personal name | Collins, Frank H. |
| Relationship | trl |
| 700 1# - ADDED ENTRY--PERSONAL NAME | |
| Personal name | Jameson, Frederic |
| Relationship | aft |
| Withdrawn status | Lost status | Source of classification or shelving scheme | Damaged status | Not for loan | Collection | Home library | Current library | Date acquired | Total checkouts | Full call number | Barcode | Date last seen | Price effective from | Koha item type | Public note |
|---|---|---|---|---|---|---|---|---|---|---|---|---|---|---|---|
| Universal Decimal Classification | Gulbenkian Individual Collection | Fundamental Scientific Library | Fundamental Scientific Library | 29/12/2016 | Gulb/7487 | FL0097449 | 29/12/2016 | 29/12/2016 | Գրքեր / Books | ILL Non-Circ. |
ՀՀ Գիտությունների ազգային ակադեմիայի հիմնարար գիտական գրադարան = Fundamental Scientific Library of NAS RA
All site content, except where otherwise noted, is licensed under a